Internetový marketing praktické rady, tipy, návody a postupy pro využití internetu v marketingu

Saved in:
Bibliographic Details
Main Author: Hlavenka, Jiří
Format: Book
Language:Czech
Published: Praha Computer Press 2001
Series:Praxe manažera
Business books
Subjects:
Tags: Add Tag
No Tags, Be the first to tag this record!

MARC

LEADER 00000nam a2200000 4500
001 c129666
005 20221124104609.5
020 |a 80-7226-498-2 
041 0 |a cze 
044 |a CZ 
245 1 0 |a Internetový marketing  |b praktické rady, tipy, návody a postupy pro využití internetu v marketingu  |c Jiří Hlavenka 
264 1 |a Praha  |b Computer Press  |c 2001 
300 |a 157 s. 
490 1 |a Praxe manažera 
830 0 |a Praxe manažera 
490 1 |a Business books 
830 0 |a Business books 
610 2 0 |a marketing sieťový 
610 2 0 |a siete počítačové 
610 2 0 |a využitie počítačov 
610 2 0 |a reklama 
610 2 0 |a programy počítačové 
610 2 0 |a pošta elektronická 
610 2 0 |a práca s verejnosťou 
610 2 0 |a komunikácia 
610 2 0 |a internet 
610 2 0 |a Intranet 
100 1 |a Hlavenka, Jiří